Eco 202 (Record no. 3975)

MARC details
000 -LEADER
fixed length control field 00516nam a2200169 4500
001 - CONTROL NUMBER
control field 4790
005 - DATE AND TIME OF LATEST TRANSACTION
control field 20181127174125.0
090 00 - LOCALLY ASSIGNED LC-TYPE CALL NUMBER (OCLC); LOCAL CALL NUMBER (RLIN)
Classification number (OCLC) (R) ; Classification number, CALL (RLIN) (NR) 330 E1929r 2015
245 00 - TITLE STATEMENT
Title Eco 202
Remainder of title coursepack /
Statement of responsibility, etc. Royal Thimphu College.
Medium
260 00 - PUBLICATION, DISTRIBUTION, ETC.
Place of publication, distribution, etc. Thimphu :
Name of publisher, distributor, etc. Royal Thimphu College,
Date of publication, distribution, etc. 2015.
300 00 - PHYSICAL DESCRIPTION
Extent 193 p.
500 ## - GENERAL NOTE
General note """"""""Royal Thimphu College, Thimphu""""""""
General note """For ECO 202 program use only"""
General note ECO 202 Course Pack for Fall 2015-
General note Xerographic copy in a binder.
650 00 - SUBJECT ADDED ENTRY--TOPICAL TERM
Topical term or geographic name entry element Economic.
General subdivision
Holdings
Withdrawn status Lost status Source of classification or shelving scheme Damaged status Not for loan Collection code Home library Current library Shelving location Date acquired Serial Enumeration / chronology Inventory number Total Checkouts Full call number Barcode Date last seen Copy number Price effective from Koha item type
    Dewey Decimal Classification     Fac res RTC Library RTC Library Faculty reserve 23/12/2021 7559   330 ECO 30007695 28/02/2022 2 27/11/2018 Faculty Reserve
    Dewey Decimal Classification     Fac res RTC Library RTC Library Faculty reserve 23/12/2021 7561   330 ECO 30007702 28/02/2022 1 27/11/2018 Faculty Reserve
    Dewey Decimal Classification     Fac res RTC Library RTC Library Faculty reserve 23/12/2021 7560   330 ECO 30007684 28/02/2022 3 27/11/2018 Faculty Reserve
    Dewey Decimal Classification     Fac res RTC Library RTC Library Faculty reserve 23/12/2021 9138   330 ECO 30009301 28/02/2022 1 27/11/2018 Faculty Reserve
    Dewey Decimal Classification     Fac res RTC Library RTC Library Faculty reserve 23/12/2021 9215   330 ECO 30009197 28/02/2022 2 27/11/2018 Faculty Reserve
    Dewey Decimal Classification     Binding Materials. RTC Library RTC Library CE Textbook 30/12/2022 176070     330 ECO c.1 30017343 30/12/2022   30/12/2022 CE Textbook
    Dewey Decimal Classification     Binding Materials. RTC Library RTC Library CE Textbook 30/12/2022 176071     330 ECO c.2 30017323 30/12/2022   30/12/2022 CE Textbook
Royal Thimphu College || All Right Reserved